Handbook of differential equations
Saved in:
| Hovedforfatter: | |
|---|---|
| Format: | Bog |
| Sprog: | engelsk |
| Udgivet: |
San Diego
Academic Press
1998
|
| Udgivelse: | 3a. ed |
| Fag: | |
| Tags: |
Tilføj Tag
Ingen Tags, Vær først til at tagge denne postø!
|
MARC
| LEADER | 00000cam a2200000 a 4500 | ||
|---|---|---|---|
| 001 | UCF9263 | ||
| 003 | CL-VaPUC | ||
| 008 | 131111e19980000us |||||||||||||||||eng|d | ||
| 020 | |a 9780127843964 | ||
| 082 | 0 | 4 | |a 515.35 |b ZWI |2 21 |
| 100 | 0 | |a Zwillinger, Daniel |e author |9 571535 | |
| 245 | 1 | 0 | |a Handbook of differential equations |
| 250 | |a 3a. ed | ||
| 300 | |a 801 p | ||
| 942 | |c BK | ||
| 945 | |d 20131111 15:03:00 |a cmena | ||
| 260 | |a San Diego |b Academic Press |c 1998 | ||
| 650 | 0 | |a Ecuaciones diferenciales |9 260083 | |
| 650 | 0 | |a Análisis numérico |9 259387 | |
| 650 | 7 | |a METODOS ANALITICOS |2 CL-VaPUC |9 358863 | |
| 650 | 0 | |a Métodos numéricos |9 259314 | |
| 583 | |a last modification |c 20131111 15:03:00 |k Rodrigo Vera | ||
| 999 | |c 353736 |d 353734 | ||
| 952 | |0 0 |1 0 |3 erd |4 0 |6 515_350000000000000_ZWI_1998 |7 0 |8 A |9 459110 |a BIBMAT |b BIBMAT |d 2019-11-23 |i 5024218 |o 515.35 ZWI 1998 |p 5024218 |r 2025-01-07 |w 2019-11-23 |y BK |z Catalogado en:20131111 |k MAT | ||